| 000 | 00804nmm a2200253 a 4500 | ||
|---|---|---|---|
| 001 | ocm000701545 | ||
| 003 | TR-IsHL | ||
| 005 | 20201028141307.0 | ||
| 008 | 131226s2001 tu tur | ||
| 007 | cr cn | ||
| 035 |
_a701545 _b(N$T) |
||
| 050 | 0 | 4 |
_aPN6231 _b.C56 2001 |
| 090 | 0 | 4 |
_aPN6231 _b.C56 2001 |
| 100 | 1 | _aCimcoz, Sina | |
| 245 | 1 | 0 |
_aAdamın biri bir gün: tarihten fıkralar _h[electronic resource] / _cSina Cimcoz |
| 260 |
_aİstanbul : _bGeçit Kitabevi, _c2001 |
||
| 300 | _a272 p. | ||
| 650 | 4 | _aDil ve Edebiyat | |
| 650 | 4 | _aLanguage and Literature | |
| 650 | 0 | _aNükte ve mizah | |
| 650 | 0 | _aWit and humor | |
| 650 | 7 |
_aHUMOR / Form / Anecdotes & Quotations _2bisacsh |
|
| 856 | 4 | 0 | _uhttp://search.ebscohost.com/login.aspx?direct=true&scope=site&db=e011xww&AN=701545 |
| 999 |
_c7742 _d7742 |
||